000 00501nam a2200181Ia 4500
008 090123s9999 xx 000 0 und d
082 _b39405
100 _aसाठे माया
245 _aचित्रकार
250 _a1
260 _bप्रिया प्रकाशन
_c1993
300 _a174
600 _aसाठे माया
630 _aचित्रकार
700 _aसाठे माया
730 _aचित्रकार
942 _cBOOK
999 _c77475
_d77475